| 000 | 003330000a22001450004500 | ||
|---|---|---|---|
| 003 | MACL | ||
| 040 | _aMACL | ||
| 090 |
_c6129 _d6128 |
||
| 100 | _aChopra, P N | ||
| 245 |
_aTowards Freedom 1937-47 _bVol 1 |
||
| 260 |
_bIndian Council of Historical Research _c1985 |
||
| 350 | _a800 | ||
| 650 | _aPolitical Science | ||
| 942 |
_cBOOK _k320 |
||
| 999 |
_c6081 _d6081 |
||